00365nam a2200121Ia 4500008004100000020001800041082001800059100003600077245007200113250001600185260003200201300001000233210430s9999 xx 000 0 und d a9780070701236 a660.63 B152 B aJames E. Bailey, David F. Ollis aBiochemical Engineering Fundamentals 2nd edition /cJames E. Bailey a2nd edition aNew yorkbMcGraw hillc2010 a984 p